Student study guide to accompany Fundamentals of mathematics. /
Saved in:
| Main Authors: | , , |
|---|---|
| Format: | Book |
| Language: | English |
| Published: |
New York-London :
Macmillan Publishing Company-Collier Macmillan Publishers,
1989
|
| Edition: | 5. vyd. |
| Subjects: | |
| ISBN: |
0023403454 (brož.) |
| Physical Description: |
493 s. |
| Tags: |
Add Tag
No Tags, Be the first to tag this record!
|
Titul je dostupný aj v ... 

MARC
| LEADER | 00000nam a2200000 a 4500 | ||
|---|---|---|---|
| 001 | 000065415 | ||
| 003 | SVKK | ||
| 005 | 20010430000000.0 | ||
| 008 | 991117s1989 xxu e engo | ||
| 020 | |a 0023403454 (brož.) | ||
| 040 | |a SVKKK |b slo |c SVKKK |e AACR2 | ||
| 041 | 0 | |a eng | |
| 044 | |a xxu |c US | ||
| 080 | |a 51(075.8)(076) |2 1997 | ||
| 100 | 1 | |a Setek, William M. |4 aut | |
| 245 | 1 | 0 | |a Student study guide to accompany Fundamentals of mathematics. / |c William M. Setek, Michael A. Gallo, Jane A. Edgar |
| 250 | |a 5. vyd. | ||
| 260 | |a New York-London : |b Macmillan Publishing Company-Collier Macmillan Publishers, |c 1989 | ||
| 300 | |a 493 s. | ||
| 653 | 0 | |a matematika |2 SVKKKPH | |
| 653 | 0 | |a cvičenia |2 SVKKKPH | |
| 653 | 0 | |a učebnice VŠ |2 SVKKKPH | |
| 655 | 7 | |a učebnice vysokých škôl |2 SVKKKPH | |
| 700 | 1 | |a Gallo, Michael A. |4 aut | |
| 700 | 1 | |a Edgar, Jane A. |4 aut | |
| 910 | |a svkkk | ||
| 919 | |a 0-02-340345-4 | ||
| 974 | |a MI |d 19991117 | ||
| 974 | |a PA |d 19991117 | ||
| 974 | |a PA |d 20010430 | ||
| 998 | |a BK | ||
| 090 | |g SCKHL |k Sklad Pribinova 3. posch. |a V.188621 |j 870137 |i 2720843983 |4 Zastaraná |s Vyradená | ||